[Event "Challenge"]
[Site "http://www.queenalice.com/game.php?id=1102371"]
[Date "2012.9.13"]
[Round "-"]
[White "rovardo"]
[Black "vinoseco"]
[Result "1-0"]
[WhiteElo "1854"]
[BlackElo "1483"]

1. e4 e5 2. Nf3 Nf6 3. Nc3 Bb4 4. Nxe5 Qe7 5. Nf3 d5 6. Qe2 Bxc3 7. dxc3 Bg4 8.
exd5 Nxd5 9. Bg5 f6 10. Bh4 Nf4 11. Qxe7+ Kxe7 12. h3 Bf5 13. O-O-O Nc6 14. Bg3
Ne6 15. Re1 Rad8 16. Bb5 Ne5 17. Nxe5 fxe5 18. Rxe5 g6 19. Bc4 h5 20. Bxe6 Bxe6
21. Rhe1 Rd6 22. Bh4+ Kd7 23. a3 Re8 24. b4 Rd5 25. Rxd5+ Bxd5 26. Rd1 c6 27. c4
Re4 28. cxd5 Rxh4 29. dxc6+ Kxc6 30. Rd3 Kb5 31. Kb2 Rf4 32. f3 Rf5 33. Kb3 a5
34. c4+ Kc6 35. b5+ Kc5 36. g4 hxg4 37. hxg4 Rf4 38. Rd5+ Kb6 39. Rd6+ Kc5 40.
Rd5+ Kb6 41. Rg5 Rxf3+ 42. Ka4 Rf4 43. Rxg6+ Kc7 44. Kxa5 Rxc4 45. Rg7+ Kc8 46.
g5 Rg4 47. Kb6 Kb8 48. Rxb7+ Kc8 49. Rg7 Kd8 50. g6 Ke8 51. Ka5 Kf8 52. Rf7+ Kg8
53. b6 Rxg6 54. Rc7 Rg5+ 55. Ka6 Rg6 56. Ka7 Rg5 57. Ka8 Ra5+ 58. Ra7 Rxa7+ 59.
Kxa7 1-0

[Event "AUTO-ADV-2618"]
[Site "http://www.queenalice.com/game.php?id=1102559"]
[Date "2012.9.13"]
[Round "1"]
[White "markim03"]
[Black "rovardo"]
[Result "1-0"]
[WhiteElo "1838"]
[BlackElo "1877"]

1. d4 Nf6 2. c4 e6 3. Nc3 Bb4 4. Nf3 Bxc3+ 5. bxc3 O-O 6. Bg5 d5 7. cxd5 exd5 8.
e3 Bg4 9. Be2 Nc6 10. O-O h6 11. Bxf6 Qxf6 12. h3 Bxf3 13. Bxf3 Rfd8 14. Qb3 Na5
15. Qb5 b6 16. Qb1 Nc4 17. Qd3 Nb2 18. Qb5 Nc4 19. e4 Nd2 20. Rfe1 Nxf3+ 21.
gxf3 Qxf3 22. e5 Qxh3 23. Re3 Qg4+ 24. Kf1 a6 25. Qc6 Rac8 26. Rg3 Qf4 27. Ke2
Qe4+ 28. Re3 Qc2+ 29. Kf3 Qb2 30. Rg1 Qd2 31. Qxh6 g6 32. Rh1 1-0

[Event "AUTO-ADV-2618"]
[Site "http://www.queenalice.com/game.php?id=1102560"]
[Date "2012.9.13"]
[Round "1"]
[White "rovardo"]
[Black "markim03"]
[Result "0-1"]
[WhiteElo "1909"]
[BlackElo "1840"]

1. e4 c5 2. Nf3 d6 3. h3 Nf6 4. Bb5+ Bd7 5. Bxd7+ Nbxd7 6. Nc3 e6 7. O-O Be7 8.
Re1 O-O 9. d3 a6 10. a3 b5 11. b4 cxb4 12. axb4 d5 13. exd5 Nxd5 14. Nxd5 exd5
15. Bb2 Bxb4 16. c3 Bd6 17. Qb3 Nf6 18. c4 dxc4 19. dxc4 bxc4 20. Qxc4 Qb6 21.
Bxf6 gxf6 22. Qg4+ Kh8 23. Qf5 Qb2 24. Rab1 Qc3 25. Rb6 Be5 26. Kf1 Qc4+ 27. Re2
Rfe8 28. Nxe5 fxe5 29. Rh6 Qc1+ 30. Re1 Qxh6 31. Qxf7 Qg7 32. Qc4 Rg8 33. g3 Qf6
34. Qc3 Rgf8 35. Qe3 a5 36. Qxe5 Qxe5 37. Rxe5 a4 38. Re1 a3 39. Ra1 a2 40. Kg2
Rfb8 0-1

[Event "AUTO-ADV-2618"]
[Site "http://www.queenalice.com/game.php?id=1102575"]
[Date "2012.9.13"]
[Round "1"]
[White "NickThorp"]
[Black "rovardo"]
[Result "1/2-1/2"]
[WhiteElo "1706"]
[BlackElo "1736"]

1. e4 e5 2. Nf3 Nc6 3. Bb5 Nf6 4. d3 h6 5. O-O a6 6. Ba4 b5 7. Bb3 Na5 8. Bd2
Nxb3 9. axb3 d5 10. Nxe5 dxe4 11. Nc6 Qd5 12. Nb4 Bxb4 13. Bxb4 exd3 14. Re1+
Be6 15. Nc3 Qf5 16. cxd3 Rd8 17. Re3 Ng4 18. Rf3 Qh5 19. h3 Ne5 20. Qe2 Nxf3+
21. Qxf3 Qxf3 22. gxf3 Rxd3 23. Kg2 Bxb3 24. Rxa6 Bd5 25. Nxb5 Bc4 26. Ra8+ Rd8
27. Nxc7+ Kd7 28. Ra7 Kc6 29. Ba5 Rd1 30. b4 Rc8 31. Kg3 Rd3 32. b5+ Bxb5 33. h4
h5 34. Nxb5 Kxb5 35. Be1 Re8 36. Ba5 Ra3 37. Rxf7 Kxa5 38. Rxg7 Rf8 39. Rg5+ Ka4
40. Rxh5 Raxf3+ 41. Kg4 Rxf2 42. Rg5 Rg2+ 43. Kh3 Rxg5 44. hxg5 Kb5 45. Kg4 Kc6
46. g6 Rg8 47. Kf5 Kd7 48. Kf6 Ke8 49. g7 Rf8+ 1/2-1/2

[Event "AUTO-ADV-2618"]
[Site "http://www.queenalice.com/game.php?id=1102576"]
[Date "2012.9.13"]
[Round "1"]
[White "rovardo"]
[Black "NickThorp"]
[Result "1-0"]
[WhiteElo "1748"]
[BlackElo "1702"]

1. e4 e5 2. Nf3 Nc6 3. Bb5 a6 4. Bxc6 dxc6 5. h3 Nf6 6. d3 Be7 7. O-O O-O 8. Re1
Bb4 9. Nc3 Bxc3 10. bxc3 b5 11. Nxe5 Bb7 12. d4 c5 13. dxc5 Qxd1 14. Rxd1 Bxe4
15. Rd2 Nd5 16. f3 Nxc3 17. fxe4 Nxe4 18. Rd5 Nf6 19. Rd3 Rfe8 20. Bb2 Re6 21.
Rad1 Ree8 22. Nc6 h6 23. Bxf6 gxf6 24. Rg3+ Kh7 25. Rf1 Re6 26. Nd4 Re4 27. c3
b4 28. Rxf6 bxc3 29. Rxf7+ Kh8 30. Nc2 Re2 31. Rxc3 c6 32. Rf6 Rc8 33. Rxh6+ Kg7
34. Rh4 a5 35. Rg3+ Kf8 36. Rh8+ Ke7 37. Rxc8 Rxc2 38. Rxc6 Kd7 39. Rd6+ Kc7 40.
Rg7+ Kc8 41. Ra6 Kb8 42. Rxa5 Rc1+ 43. Kh2 Rc2 44. Rb5+ Kc8 45. a4 Rc4 46. Ra5
Kb8 47. Rb5+ Ka8 48. a5 Rc3 49. a6 Ra3 50. Rb6 1-0

[Event "AUTO-ADV-2618"]
[Site "http://www.queenalice.com/game.php?id=1102585"]
[Date "2012.9.13"]
[Round "1"]
[White "Savage72"]
[Black "rovardo"]
[Result "1-0"]
[WhiteElo "1949"]
[BlackElo "1862"]

1. e4 e5 2. Bc4 Nf6 3. d4 exd4 4. Nf3 Nxe4 5. Qxd4 Qe7 6. O-O Nc6 7. Qd1 Nf6 8.
Re1 Qxe1+ 9. Qxe1+ Be7 10. Bg5 d6 11. Nc3 h6 12. Bh4 a6 13. Bxf6 gxf6 14. Nd5
Kd8 15. Nxe7 Nxe7 16. Bxf7 Rf8 17. Be6 Bxe6 18. Qxe6 Nc6 19. c3 Ne5 20. Nxe5
fxe5 21. Qxh6 Kd7 22. Re1 Rae8 23. Re4 d5 24. Rg4 Rh8 25. Rg7+ Kd8 26. Qf6+ Kc8
27. Qf7 1-0

[Event "AUTO-ADV-2618"]
[Site "http://www.queenalice.com/game.php?id=1102586"]
[Date "2012.9.13"]
[Round "1"]
[White "rovardo"]
[Black "Savage72"]
[Result "0-1"]
[WhiteElo "1583"]
[BlackElo "1919"]

1. e4 e6 2. d4 d5 3. exd5 exd5 4. Nf3 Bd6 5. c4 Ne7 6. cxd5 Bb4+ 7. Bd2 Bxd2+ 8.
Qxd2 Qxd5 9. Nc3 Qe6+ 10. Qe2 Qxe2+ 11. Bxe2 c6 12. O-O O-O 13. h3 Na6 14. Bxa6
bxa6 15. Rfe1 Ng6 16. b4 Be6 17. Ng5 Bd5 18. Nxd5 cxd5 19. g4 h6 20. Nf3 Rab8
21. a3 Rfe8 22. Rec1 Nf4 23. Kh2 Re2 24. Kg3 Nd3 25. Rf1 Rc8 26. Rad1 Nb2 27.
Rde1 Rce8 28. Rxe2 Rxe2 29. Re1 Rxe1 30. Nxe1 Nc4 31. Nc2 g5 32. f4 f6 33. f5
Kf7 34. h4 a5 35. hxg5 hxg5 36. bxa5 Nxa5 37. Nb4 Nc4 38. Nxd5 Nxa3 39. Kf3 Nb5
40. Ke4 Nd6+ 41. Kd3 a5 42. Kc3 Ne4+ 43. Kb3 Nf2 44. Ne3 Ke7 45. Ka4 Kd6 46.
Kxa5 Ne4 0-1

[Event "Challenge"]
[Site "http://www.queenalice.com/game.php?id=1104401"]
[Date "2012.9.19"]
[Round "-"]
[White "rovardo"]
[Black "The_Clown"]
[Result "1-0"]
[WhiteElo "1914"]
[BlackElo "1609"]

1. e4 e5 2. Nf3 Nf6 3. Nc3 c6 4. d4 exd4 5. Nxd4 Bb4 6. Qf3 d5 7. exd5 cxd5 8.
Bb5+ Nc6 9. Nxc6 bxc6 10. Bxc6+ Bd7 11. Bxd7+ Qxd7 12. O-O O-O 13. Rd1 Bxc3 14.
bxc3 Qc6 15. Bg5 Ne4 16. Qf5 Nxc3 17. Re1 g6 18. Qf3 Ne4 19. Bh4 Rfe8 20. Qd3
Nc5 21. Qa3 Rxe1+ 22. Rxe1 Re8 23. Rxe8+ Qxe8 24. g3 Qe1+ 25. Kg2 Ne4 26. Qxa7
Qe2 27. Qb8+ Kg7 28. Qe5+ Kh6 29. Bg5+ Kh5 30. Be3+ f5 31. Qxd5 Qxc2 32. Kh3
Qxa2 33. Qxa2 1-0

[Event "Challenge"]
[Site "http://www.queenalice.com/game.php?id=1105094"]
[Date "2012.9.21"]
[Round "-"]
[White "rovardo"]
[Black "antoniozla"]
[Result "1-0"]
[WhiteElo "1905"]
[BlackElo "1603"]

1. e4 e5 2. Nf3 Nc6 3. Bb5 d6 4. Bxc6+ bxc6 5. h3 Nf6 6. d3 h6 7. O-O Be7 8. Nc3
O-O 9. d4 exd4 10. Nxd4 Bb7 11. Re1 c5 12. Nf5 Qd7 13. Nxe7+ Qxe7 14. f3 Rfe8
15. b3 Qe5 16. Bb2 Qg3 17. Ne2 Qh4 18. Bxf6 gxf6 19. Nc3 Kh8 20. Kh1 Qg3 21. Ne2
Qf2 22. Rf1 Qe3 23. Ng3 Bxe4 24. Nxe4 Qf4 25. Qd5 Rg8 26. Qxf7 Rg7 27. Qxf6 Qxf6
28. Nxf6 Rf8 29. Nh5 1-0

[Event "Challenge"]
[Site "http://www.queenalice.com/game.php?id=1105666"]
[Date "2012.9.23"]
[Round "-"]
[White "rovardo"]
[Black "nuage"]
[Result "0-1"]
[WhiteElo "1762"]
[BlackElo "1532"]

1. e4 e6 2. Nf3 Nf6 3. Nc3 Bc5 4. d4 Bb4 5. Qd3 d5 6. exd5 Nxd5 7. Bd2 Bxc3 8.
Bxc3 Nf4 9. Qe4 Nd5 10. Bc4 O-O 11. O-O Nf6 12. Qd3 a6 13. a4 Nc6 14. b3 b6 15.
Ne5 Nxe5 16. dxe5 Qxd3 17. Bxd3 Nd5 18. Be4 c6 19. Bxd5 exd5 20. Rfe1 Bf5 21.
Rac1 c5 22. f4 d4 23. Bb2 Ra7 24. b4 Rd7 25. bxc5 bxc5 26. Ba3 Rc8 27. g3 c4 28.
c3 d3 29. Red1 Bg4 30. Rd2 Rc6 31. Rb1 h6 32. Rb8+ Kh7 33. Kg2 Bf5 34. h4 Be4+
35. Kh3 Bf5+ 36. g4 Be4 37. h5 f6 38. exf6 Rxf6 39. Kg3 Rdf7 40. Rc8 Rxf4 41.
Rxc4 Rf3+ 42. Kh4 R7f4 43. Bd6 Rf6 44. Rxe4 Rxd6 45. Rd4 Rdf6 46. R2xd3 Rf1 47.
c4 R6f2 48. Rc3 Rh1+ 49. Rh3 Ra1 50. Rhd3 Rxa4 51. Rc3 Raa2 52. c5 Rh2+ 53. Kg3
Rag2+ 54. Kf4 Rf2+ 55. Ke5 Re2+ 56. Kd6 Rhf2 57. c6 Rf6+ 58. Kd5 Ree6 59. c7
Rd6+ 60. Ke5 Rfe6+ 61. Kf5 Rf6+ 62. Ke4 Rde6+ 63. Kd3 Rf3+ 64. Kc2 Rf2+ 65. Kb3
Rb6+ 0-1

[Event "Challenge"]
[Site "http://www.queenalice.com/game.php?id=1105667"]
[Date "2012.9.23"]
[Round "-"]
[White "rovardo"]
[Black "jarkus"]
[Result "0-1"]
[WhiteElo "1617"]
[BlackElo "1769"]

1. e4 e5 2. Nf3 Nc6 3. Bb5 Bd6 4. Bxc6 dxc6 5. O-O Nf6 6. d3 O-O 7. Bg5 h6 8.
Bxf6 Qxf6 9. h3 c5 10. Nc3 c6 11. b3 a5 12. Re1 b5 13. a4 Bd7 14. axb5 cxb5 15.
Nd5 Qd8 16. c4 b4 17. Re2 Re8 18. Rea2 Be6 19. Qe2 Bxd5 20. exd5 f6 21. Nh4 Bc7
22. Nf5 Qd7 23. Qf3 Kh7 24. g4 g6 25. Ne3 Qd6 26. Kg2 e4 27. dxe4 Qh2+ 28. Kf1
Re5 29. Ke2 Re7 30. Qxf6 Rae8 31. d6 Qe5 32. Qxe5 Rxe5 33. dxc7 R5e7 34. Nd5
Rxe4+ 35. Kf3 R4e6 36. Rxa5 g5 37. Rxc5 Rf8+ 38. Kg3 Rc8 39. f4 gxf4+ 40. Kxf4
Kg6 41. h4 Kf7 42. Kf5 Rd6 0-1

[Event "Challenge"]
[Site "http://www.queenalice.com/game.php?id=1105928"]
[Date "2012.9.24"]
[Round "-"]
[White "rovardo"]
[Black "UKopra"]
[Result "0-1"]
[WhiteElo "1607"]
[BlackElo "1894"]

1. e4 c5 2. Nf3 d6 3. d4 cxd4 4. Nxd4 Nf6 5. Nc3 a6 6. Bg5 e6 7. Qf3 Be7 8.
O-O-O Qc7 9. a3 Nbd7 10. Bxf6 Nxf6 11. g3 e5 12. Nb3 Bg4 13. Qd3 Bxd1 14. Qxd1
O-O 15. Nd5 Nxd5 16. Qxd5 Rac8 17. Bd3 Rb8 18. Rf1 b6 19. Bxa6 Ra8 20. Bc4 Ra4
21. Nd2 Bg5 22. f4 Bf6 23. fxe5 Bxe5 24. Bb5 Rd4 25. Qc6 Rc8 26. Qxc7 Rxc7 27.
c3 Rxd2 28. Kxd2 Rc5 29. a4 f6 30. Ra1 g6 31. Kd3 d5 32. Rd1 Kf7 33. c4 dxe4+
34. Kxe4 Bxb2 35. Rd7+ Kg8 36. Rd8+ Kg7 37. Rd6 Rh5 38. h4 Re5+ 39. Kf4 Bc1+ 40.
Kg4 h5+ 41. Kh3 Be3 42. Kg2 g5 43. hxg5 Rxg5 44. Kf3 Bg1 45. Rd7+ Kg6 46. Rd1
Bh2 47. Rd6 Rxg3+ 48. Kf2 Rg2+ 49. Kxg2 Bxd6 50. Kf3 Kf5 0-1

[Event "Challenge"]
[Site "http://www.queenalice.com/game.php?id=1105998"]
[Date "2012.9.24"]
[Round "-"]
[White "rovardo"]
[Black "jwb"]
[Result "0-1"]
[WhiteElo "1602"]
[BlackElo "1860"]

1. e4 e5 2. Nf3 Nc6 3. Bb5 d6 4. Bxc6+ bxc6 5. O-O Nf6 6. d3 d5 7. Re1 Bd6 8.
Bg5 Bg4 9. exd5 cxd5 10. h3 h6 11. Bxf6 Bxf3 12. Qxf3 Qxf6 13. Qxf6 gxf6 14. Nc3
Kd7 15. Nxd5 f5 16. Ne3 f4 17. Nc4 Rae8 18. Nxd6 Kxd6 19. Re4 f5 20. Ra4 Rb8 21.
b3 Ra8 22. Re1 Rhe8 23. Ra6+ Kc5 24. Rxh6 Kd4 25. Rh5 Rf8 26. g4 fxg3 27. fxg3
Rae8 28. Rh7 f4 29. gxf4 Rxf4 30. Rxc7 Rg8+ 31. Kh2 Rf2+ 32. Kh1 Rgg2 33. Re4+
Kd5 34. c4+ Kd6 35. Rxa7 Rh2+ 36. Kg1 Rhg2+ 0-1

[Event "Challenge"]
[Site "http://www.queenalice.com/game.php?id=1106000"]
[Date "2012.9.24"]
[Round "-"]
[White "rovardo"]
[Black "craig"]
[Result "0-1"]
[WhiteElo "1703"]
[BlackElo "1683"]

1. e4 e5 2. Nf3 d6 3. d4 exd4 4. Nxd4 Nf6 5. Nc3 Qe7 6. Bd3 g6 7. h3 Bg7 8. Be3
c5 9. Nb3 Nc6 10. O-O Nb4 11. a3 Nc6 12. Bg5 h6 13. Bxf6 Qxf6 14. Bb5 Bd7 15.
Bxc6 Bxc6 16. Re1 O-O 17. Na5 Rad8 18. Nxc6 bxc6 19. f3 Qg5 20. Qd3 Bd4+ 21. Kh1
Qg3 22. Ne2 Be5 23. Nxg3 Bxg3 24. Re2 Be5 25. Rb1 h5 26. b4 cxb4 27. Rxb4 c5 28.
Ra4 Ra8 29. c4 a5 30. Qd2 Rfb8 31. Rxa5 Rb1+ 32. Re1 Rxe1+ 33. Qxe1 Rb8 34. a4
Kg7 35. Qh4 Rb1+ 0-1

[Event "Challenge"]
[Site "http://www.queenalice.com/game.php?id=1106001"]
[Date "2012.9.24"]
[Round "-"]
[White "rovardo"]
[Black "mitsho"]
[Result "1-0"]
[WhiteElo "1870"]
[BlackElo "1702"]

1. e4 c5 2. Nf3 d6 3. d4 Nc6 4. Bb5 Bd7 5. c3 a6 6. Bxc6 Bxc6 7. d5 Bd7 8. h3 e6
9. dxe6 Bxe6 10. O-O Nf6 11. Bg5 Be7 12. e5 Nd5 13. Bxe7 Qxe7 14. exd6 Qxd6 15.
c4 Bxh3 16. Re1+ Kd7 17. Ne5+ 1-0

[Event "AUTO-INT-2397"]
[Site "http://www.queenalice.com/game.php?id=1109550"]
[Date "2012.10.4"]
[Round "2"]
[White "sioux"]
[Black "rovardo"]
[Result "1-0"]
[WhiteElo "1639"]
[BlackElo "1785"]

1. e4 e5 2. Bc4 Nf6 3. d3 h6 4. Nf3 d6 5. b4 Bg4 6. Nbd2 Nc6 7. b5 Na5 8. O-O
Nxc4 9. Nxc4 Qd7 10. a4 O-O-O 11. h3 Bxf3 12. Qxf3 Be7 13. Ne3 Kb8 14. c4 h5 15.
h4 c6 16. Nf5 g6 17. Ne3 cxb5 18. axb5 Rdg8 19. Qe2 g5 20. Nf5 1-0

[Event "AUTO-INT-2397"]
[Site "http://www.queenalice.com/game.php?id=1109551"]
[Date "2012.10.4"]
[Round "2"]
[White "rovardo"]
[Black "sioux"]
[Result "0-1"]
[WhiteElo "1809"]
[BlackElo "1615"]

1. e4 e5 2. Nf3 d6 3. d4 exd4 4. Nxd4 Nf6 5. Nc3 c5 6. Nb3 Qe7 7. Bb5+ Nbd7 8.
Bg5 a6 9. Bxd7+ Bxd7 10. O-O b5 11. Nd5 Qd8 12. Bxf6 gxf6 13. Qf3 Bg7 14. Qg3
O-O 15. Qxd6 c4 16. Nc5 Be6 17. Qxd8 Rfxd8 18. Rfd1 Bxd5 19. exd5 f5 20. c3 Rd6
21. a4 Rb8 22. axb5 axb5 23. Na6 Rbb6 0-1

[Event "AUTO-INT-2397"]
[Site "http://www.queenalice.com/game.php?id=1109554"]
[Date "2012.10.4"]
[Round "2"]
[White "rovardo"]
[Black "Duduca10"]
[Result "0-1"]
[WhiteElo "1580"]
[BlackElo "1368"]

1. e4 e5 2. Nf3 Nf6 3. Nxe5 Qe7 4. d4 d6 5. Nf3 Qxe4+ 6. Be2 Bg4 7. O-O Be7 8.
Nc3 Qf5 9. h3 Bh5 10. Nh4 Bxe2 11. Nxf5 Bxd1 12. Rxd1 g6 13. Nxe7 Kxe7 14. Bg5
Nd7 15. Bxf6+ Nxf6 16. Re1+ Kf8 17. Re3 Kg7 18. Re7 Rac8 19. Nb5 Nd5 20. Rd7
Rhd8 21. Rxd8 Rxd8 22. Nxa7 c6 23. c4 Nf4 24. Rd1 Ra8 25. Nxc6 bxc6 26. a3 Rb8
27. b4 Ra8 28. Ra1 Ne2+ 29. Kf1 Nxd4 30. g4 g5 0-1

[Event "AUTO-INT-2397"]
[Site "http://www.queenalice.com/game.php?id=1109555"]
[Date "2012.10.4"]
[Round "2"]
[White "Duduca10"]
[Black "rovardo"]
[Result "1-0"]
[WhiteElo "1392"]
[BlackElo "1556"]

1. e4 e5 2. Nf3 Nc6 3. Bc4 Bc5 4. d3 h6 5. c3 d6 6. h3 Nf6 7. O-O a6 8. Be3 Bxe3
9. fxe3 O-O 10. Nbd2 Na5 11. Bb3 Bd7 12. Bc2 Nc6 13. d4 exd4 14. exd4 Ne7 15. a4
b6 16. b4 b5 17. axb5 axb5 18. Nb3 Bc6 19. Qb1 Rxa1 20. Qxa1 d5 21. e5 Nh7 22.
Qb1 f6 23. Bxh7+ Kh8 24. Nh4 Qe8 25. Ng6+ Nxg6 26. Bxg6 Qc8 27. Nc5 fxe5 28.
Rxf8+ 1-0

[Event "AUTO-INT-2413"]
[Site "http://www.queenalice.com/game.php?id=1138021"]
[Date "2013.1.7"]
[Round "2"]
[White "vult0"]
[Black "rovardo"]
[Result "1-0"]
[WhiteElo "1663"]
[BlackElo "1596"]

1. e4 e5 2. Nf3 Nc6 3. Bb5 a6 4. Ba4 Nf6 5. O-O b5 6. Bb3 Na5 7. Re1 Nxb3 8.
axb3 Bd6 9. c3 O-O 10. d3 h6 11. b4 Re8 12. b3 c5 13. bxc5 Bxc5 14. b4 Bb6 15.
h3 d5 16. exd5 Qxd5 17. Bb2 1-0

[Event "AUTO-INT-2413"]
[Site "http://www.queenalice.com/game.php?id=1138022"]
[Date "2013.1.7"]
[Round "2"]
[White "rovardo"]
[Black "vult0"]
[Result "0-1"]
[WhiteElo "1647"]
[BlackElo "1591"]

1. e4 e5 2. Nf3 d6 3. d4 Bg4 4. dxe5 Bxf3 5. Qxf3 dxe5 6. a3 Nd7 7. Bb5 c6 8.
Bc4 Ngf6 9. Bg5 Be7 10. O-O Qc7 11. Nc3 Bd6 12. Bxf6 Nxf6 13. Rfd1 O-O-O 14. b4
Kb8 15. Qg3 g6 16. Bxf7 Qxf7 0-1

[Event "AUTO-INT-2413"]
[Site "http://www.queenalice.com/game.php?id=1138023"]
[Date "2013.1.7"]
[Round "2"]
[White "renet54"]
[Black "rovardo"]
[Result "1-0"]
[WhiteElo "1603"]
[BlackElo "1666"]

1. d4 d5 2. Nf3 Nc6 3. e3 a6 4. Bd3 Bg4 5. Nc3 e6 6. a3 Nf6 7. O-O Bd6 8. Re1
O-O 9. Qe2 e5 10. dxe5 Bxe5 11. Bd2 Qd6 12. Ne4 Nxe4 13. Rab1 Bxf3 14. Qxf3 Nxd2
15. Qe2 Nxb1 16. Rxb1 Bxh2+ 17. Kf1 Rae8 18. Rd1 d4 19. Bxh7+ Kxh7 20. c3 Re4
21. cxd4 Nxd4 22. Qh5+ Qh6 23. Qf5+ Qg6 24. Qh3+ Qh6 25. Qf5+ 1-0

[Event "AUTO-INT-2413"]
[Site "http://www.queenalice.com/game.php?id=1138024"]
[Date "2013.1.7"]
[Round "2"]
[White "rovardo"]
[Black "renet54"]
[Result "0-1"]
[WhiteElo "1686"]
[BlackElo "1583"]

1. e4 e5 2. Nf3 Nc6 3. Bb5 a6 4. Bxc6 bxc6 5. O-O Nf6 6. Re1 Be7 7. d3 O-O 8. b3
d5 9. exd5 cxd5 10. Nxe5 Qd6 11. Ng4 Nxg4 12. g3 h6 13. Ba3 Qd7 14. Bxe7 Re8 15.
Bc5 Rxe1+ 16. Qxe1 Bb7 17. Nc3 d4 18. Ne2 Qc6 19. Qf1 Qxc5 20. f3 Ne3 21. Qc1
Qh5 22. Nxd4 Re8 23. Qb2 Bxf3 24. Nxf3 Qxf3 0-1